| 000 | 00331nam a2200133 i 4500 | ||
|---|---|---|---|
| 001 | bg | ||
| 100 | 1 | _aGOLDE, Wiktor. | |
| 245 | 0 |
_aUkłady elektroniczne. _nT.1-2 / _cWiktor Golde. |
|
| 260 |
_aT.1 Warszawa, _c1970 ; _aT.2 Warszawa _c1976. |
||
| 040 | _cBPK | ||
| 041 | _apol | ||
| 942 | _cKS | ||
| 008 | s pl f |000 0 pol | ||
| 999 |
_c185 _d185 |
||
| 856 |
_uhttp://koha.tu.koszalin.pl/cgi-bin/koha/opac-detail.pl?biblionumber=185 _yKatalog online BPK |
||